Countries Bordering Russia - Statistics

General Stats
  • This quiz has been taken 34 times
  • The average score is 13 of 14
Answer Stats
Hint Answer % Correct
K Kazakhstan
100%
C China
96%
L Latvia
96%
NK North Korea
96%
U Ukraine
96%
B Belarus
92%
E Estonia
92%
F Finland
92%
G Georgia
92%
L Lithuania
92%
A Azerbaijan
88%
M Mongolia
88%
P Poland
88%
N Norway
69%
No matching quizzes found
Score Distribution
Percent of People with Each Score
Percentile by Number Answered
Your Score History
You have not taken this quiz